[Event "Bosnjaci op 26th"]
[Site "Bosnjaci"]
[Date "2022.01.03"]
[Round "1"]
[White "Scevic, Antun"]
[Black "Vidovic, Sasa"]
[Result "0-1"]
[WhiteElo "1764"]
[BlackElo "2206"]
[PlyCount "68"]
[EventDate "2022.01.03"]
[EventType "swiss"]
[EventRounds "9"]
[EventCountry "CRO"]
[SourceTitle "EXT 2023"]
[Source "ChessBase"]
[SourceDate "2022.10.05"]
[SourceVersion "1"]
[SourceVersionDate "2022.10.05"]
[SourceQuality "1"]

1. e4 d6 2. Nc3 Nf6 3. d3 e5 4. Nf3 c5 5. Bg5 Be6 6. Be2 h6 7. Bd2 Nc6 8. 0-0 g5 9. Ne1 g4 10. g3 h5 11. Ng2 Be7 12. Bg5 Nh7 13. Bxe7 Qxe7 14. Nh4 Ng5 15. Nd5 Bxd5 16. exd5 Nh3+ 17. Kg2 Nd4 18. c4 Nxe2 19. Qxe2 Qxh4 20. f4 Qe7 21. fxe5 Qxe5 22. Qxe5+ dxe5 23. Rae1 0-0-0 24. Rxe5 Rde8 25. Rff5 Rxe5 26. Rxe5 Kd7 27. Rf5 Re8 28. Rxh5 Re1 29. Rxh3 gxh3+ 30. Kxh3 Re2 31. b3 Rxa2 32. g4 Rd2 33. g5 a5 34. Kg3 Rxd3+ 0-1